Central Library OPAC University of Rajshahi

Thinking : (Record no. 29886)

MARC details
000 -LEADER
fixed length control field 00790nam a2200253 a 4500
001 - CONTROL NUMBER
control field 29886
003 - CONTROL NUMBER IDENTIFIER
rucl marc code BD-RjUL
005 - DATE AND TIME OF LATEST TRANSACTION
control field 20211209051457.0
008 - FIXED-LENGTH DATA ELEMENTS--GENERAL INFORMATION
fixed length control field 140408s1951 enka b 001 0 eng d
035 ## - SYSTEM CONTROL NUMBER
System control number (BD-RjUL)29971
040 ## - CATALOGING SOURCE
Original cataloging agency DLC
Transcribing agency DMM
Modifying agency BD-RjUL
Language of cataloging eng
041 ## - LANGUAGE CODE
Language code of text/sound track or separate title eng
082 ## - DEWEY DECIMAL CLASSIFICATION NUMBER
Classification number 153
Author mark and year HUT 1951
100 1# - MAIN ENTRY--PERSONAL NAME
Personal name Humphrey, George,
Dates associated with a name b. 1889.
9 (RLIN) 90929
245 10 - TITLE STATEMENT
Title Thinking :
Remainder of title an introduction to its experimental psychology /
Statement of responsibility, etc. George Humphrey.
260 ## - PUBLICATION, DISTRIBUTION, ETC. (IMPRINT)
Place of publication, distribution, etc. London :
Name of publisher, distributor, etc. Methuen ;
Place of publication, distribution, etc. New York :
Name of publisher, distributor, etc. Wiley,
Date of publication, distribution, etc. 1951.
300 ## - PHYSICAL DESCRIPTION
Pagination xi, 331 p. :
Illustrations ill. ;
Size 23 cm
504 ## - BIBLIOGRAPHY, ETC. NOTE
Bibliography, etc Bibliography: p. 316-324. - Includes index.
650 #0 - SUBJECT ADDED ENTRY--TOPICAL TERM
Topical term or geographic name as entry element Psychophysiology.
9 (RLIN) 90930
830 #0 - SERIES ADDED ENTRY--UNIFORM TITLE
Uniform title Methuen's manuals of modern psychology
942 ## - ADDED ENTRY ELEMENTS (KOHA)
Source of classification or shelving scheme Dewey Decimal Classification
Koha item type Books
Holdings
Lost status Source of classification or shelving scheme Damaged status Not for loan Collection code Permanent Location Current Location Shelving location Date acquired Source of acquisition Cost, normal purchase price Total Checkouts Full call number Date last seen Copy number Koha item type
  Dewey Decimal Classification   Added to bundle Non-fiction Central Library, University of Rajshahi Central Library, University of Rajshahi Reading Room 05/04/1956 ALLIAS BOOK CENTER 17.10   153 HUT 1951 08/04/2014 C-1 Books